000
00269nam a22001217a 4500
008
171107b xxu||||| |||| 00| 0 eng d
041
_a
eng
080
_a
330.322
100
_a
63
101
_a
INV
245
_a
FUNDAMENTALS OF INVESTING
_c
GITMAN,L.J
942
_2
udc
_c
BK
999
_c
38138
_d
38138